Composición social dominicana
שמור ב:
| מחבר ראשי: | |
|---|---|
| פורמט: | ספר |
| שפה: | Undetermined |
| יצא לאור: |
República Dominicana
Alfa y Omega
1979
|
| מהדורה: | 10 |
| נושאים: | |
| תגים: |
הוספת תג
אין תגיות, היה/י הראשונ/ה לתייג את הרשומה!
|
MARC
| LEADER | 00000nam a2200000Ia 4500 | ||
|---|---|---|---|
| 008 | 170316s9999 xx 000 0 und d | ||
| 040 | |a cru BVZT | ||
| 090 | |a 860 B-33c | ||
| 100 | |a Bosch, Juan |9 1278 | ||
| 245 | |a Composición social dominicana |c / Juan Bosch | ||
| 250 | |a 10 | ||
| 260 | |a República Dominicana |b Alfa y Omega |c 1979 | ||
| 300 | |a 272páginas | ||
| 650 | |a LITERATURA LATINOAMERICANA |9 15 | ||
| 999 | |c 8456 |d 8456 | ||
| 942 | |c 15 D |h 860 B-33c |2 z | ||
